Statystyki dla Państwa według opisu na wikipedii

Kliknij tutaj aby rozwiązać quiz!

Ogólne statystyki

  • Ten quiz został rozwiązany 67 razy
  • Średni wynik to 10 z 15

Statystyki odpowiedzi

OpisOdpowiedź% Poprawnych
Państwo unitarne w Europie Środkowej, położone między Morzem Bałtyckim na północy a Sudetami i Karpatami na południu, w przeważającej części w dorzeczu Wisły i Odry.Polska
100%
Małe państwo w południowo-zachodniej Europie, bez dostępu do morza. Leży w Pirenejach.Andora
76%
Państwo w Ameryce Południowej, ciągnące się długim pasem na zachodnim wybrzeżu kontynentu nad Oceanem Spokojnym. Należą do niego liczne wyspy przybrzeżne i wyspy na otwartym oceanie (ok. 3 tys.): Juan Fernández, Wyspa Wielkanocna (jedna z najbardziej oddalonych od innych lądów zamieszkana wyspa na świecie),Chile
75%
Państwo wyspiarskie położone na północy Grzbietu Śródatlantyckiego, jednym z archipelagów należących do tego państwa jest archipelag Vestmannaeyjar w północnej części Oceanu Atlantyckiego. Jest jednym z krajów nordyckich.Islandia
73%
Państwo leżące częściowo w Azji Środkowej (88% powierzchni) i częściowo w Europie Wschodniej (12% powierzchni – tereny na zachód od rzeki Emba), powstałe w 1991 w wyniku rozpadu Związku Radzieckiego, Łączna długość granic tego państwa wynosi 12 187 km. Ma również dostęp do największego jeziora świata – Morza Kaspijskiego – na długości 2340 km. Całkowita powierzchnia kraju wynosi 2 724 900 km².Kazachstan
73%
Państwo śródlądowe w środkowo-wschodniej Azji. Od północy graniczy z Rosją, a od wschodu, zachodu i południa z Chinami. W stolicy i zarazem największym mieście tego kraju zamieszkuje ok. 47% populacji całego kraju. Jest republiką parlamentarną.Mongolia
71%
Państwo w Ameryce Północnej, leżące nad Oceanem Spokojnym. Jego stolicą jest San Salvador. Graniczy z Gwatemalą (203 km) i Hondurasem (342 km).Salwador
71%
Państwo położone w Europie Środkowej nad morzem Adriatyckim. Państwo jest najzamożniejszym oraz najbardziej rozwiniętym szczególnie pod względem gospodarczym państwem byłej Jugosławii i jednocześnie jednym z najbardziej zamożnych i rozwiniętych krajów Europy Środkowo-Wschodniej. Należy do NATO od 29 marca 2004, jest też członkiem UE od 1 maja 2004 roku, od 1 stycznia 2007 kraj jest również członkiem strefy euro.Słowenia
71%
Państwo śródlądowe w środkowej Afryce. Graniczy od północy z Libią, od wschodu z Sudanem, od południa z Republiką Środkowoafrykańską, od południowego zachodu z Kamerunem i Nigerią, a od zachodu z Nigrem.Czad
68%
Państwo o ustroju monarchicznym, położone w Azji, w Zatoce Perskiej, na archipelagu między Katarem a północno-wschodnim wybrzeżem Arabii Saudyjskiej. W 1971 roku uzyskał niepodległość. Od lat 30. XX wieku wydobywa się tam ropę naftową. Od 2002 roku panujący krajem używa tytułu król, wcześniej posługiwał się tytułem emir.Bahrajn
66%
Państwo na wyspie o takiej samej nazwie na Morzu Karaibskim w grupie Wysp Nawietrznych (Małe Antyle), pomiędzy Gwadelupą i Martyniką. Stolicą jest Roseau.Dominika
56%
Państwo w zachodniej Afryce nad Oceanem Atlantyckim, graniczące z Gwineą Bissau, Senegalem, Mali, Liberią, Wybrzeżem Kości Słoniowej i Sierra Leone. Obecnie członek Unii Afrykańskiej i ECOWAS.Gwinea
51%
Państwo w Zatoce Gwinejskiej, na północ od równika, składające się z pięciu wysp, z których trzy są zamieszkane.Wyspy Świętego Tomasza i Książęca
46%
Wyspiarskie państwo samorządowe, stowarzyszone ze Stanami Zjednoczonymi, położone na Oceanie Spokojnym, w Oceanii oraz w Mikronezji, ok. 1160 km na południe od Guam, ok. 800 km na wschód od Filipin i 3200 km na południe od Tokio. Obejmuje zachodnią część archipelagu Karolinów oraz 4 pojedyncze wyspy koralowe (Sonsorol, Merir, Pulo Anna i Tobi) i atol Helen (łącznie ponad 250 wysp).Palau
44%
Państwo wyspiarskie na Oceanie Spokojnym. W skład tego państwa o powierzchni 811 km² wchodzą 32 atole i 1 wyspa koralowa Banaba, rozsiane na powierzchni przeszło 3,5 mln km² wokół równika. Przez obszar ten przechodzi 180 południk, co powoduje że kraj jest jedynym krajem na świecie położonym na wszystkich 4 półkulach Ziemi.Kiribati
42%

Rozkład punktacji

Percentyl według liczby udzielonych odpowiedzi

Procent ludzi z każdym wynikiem

Twoja historia wyników

Nie rozwiązałeś tego quizu